Culture Générale - Série 809 - Statistiques

Statistiques générales
  • Ce quiz a été pris 113 fois
  • Le résultat moyen est 7 sur 10
Statistiques - réponses
Question Réponse % Correct
Comme son nom l'indique, une voiture hippomobile est une voiture tirée par des... chevaux
98%
Dans quelle capitale européenne peut-on faire du shopping à Piccadilly Circus ? Londres
98%
Traditionnellement en France, quels objets sont censés revenir de Rome pour apporter les oeufs de Pâques ? cloches
92%
Quel patriarche de la Bible, héros du Déluge, est le père de Sem, Cham et Japhet ? Noé
92%
Quel adjectif qualifie une personne angoissée qui a peur des grands espaces et des lieux publics ? agoraphobe
85%
Quelle plante comestible de la famille des ombellifères peut-être rave ou branche ? céleri
84%
De quel pays la Brabançonne est-elle l'hymne national ? Belgique
82%
Dans quel pays africain se trouve la ville de Sousse ? Tunisie
62%
Que signifie le verbe "dessaler" en parlant d'un navire ? chavirer
20%
De quel pays d'Océanie le cagou est-il l'oiseau emblématique ? Nouvelle Calédonie
11%
Aucun quiz correspondant
Distribution des résultats
% des personnes avec chaque résultat
Percentile par nombre de réponses
Votre historique - résultats
Vous n’avez pas pris ce quiz